000 00281pab a2200109 454500
008 180718b xxu||||| |||| 00| 0 eng d
100 _aGeorge, J
245 _aAgricultural policy and mode of communication
650 _aAgricultural Policy - India
773 _aMainstream
909 _a1586
999 _c1586
_d1586